Ανοιχτά χαρτιά

Αποθηκεύτηκε σε:
Λεπτομέρειες βιβλιογραφικής εγγραφής
Κύριος συγγραφέας: Ελύτης, Οδυσσέας, 1911-1996
Μορφή: Βιβλίο
Γλώσσα:Greek
Δημοσίευση: Αθήνα : Ίκαρος, c1987.
Θέματα:
Ετικέτες: Προσθήκη ετικέτας
Δεν υπάρχουν, Καταχωρήστε ετικέτα πρώτοι!

MARC

LEADER 00000cam a2200000 i 4500
001 1/87678
008 931208s1987 gr | ||| |||| ||gre||
020 |a 9789607233974 
035 |a 1990  |b 1  |c Αγορά/Αναγνωστοπούλου  |l 10035303 
040 |a GR-MyUa  |b gre  |e AACR2 
041 0 |a gre 
082 7 |a 889.4   |2 (22) 
100 1 |a Ελύτης, Οδυσσέας,   |d 1911-1996. 
245 1 0 |a Ανοιχτά χαρτιά /   |c Οδυσσέας Ελύτης.  
260 |a Αθήνα :   |b Ίκαρος,   |c c1987. 
300 |a 667 σ.;  |c 25 εκ. 
500 |a 1η έκδ. το 1974 από τις εκδόσεις Αστερίας.  
500 |a Το παράρτημα Ρόδου έχει την 3η ανατύπωση (1987)  
500 |a Το παράρτημα Σύρου έχει την 7η ανατύπωση (2009)  
504 |a Βιβλιογραφία: σ. 653-655. Ευρετήριο.  
650 0 |a Greek literature, Modern  |y 20th century  |x History and criticism. 
852 |a INST  |b RHODES  |e 19931208  |h 889.832 ΕΛΥ  |p 005400004143  |q 005400004143  |t BK  |y 0 
852 |a INST  |b SYROS  |c EUDOXUS  |e 20130530  |h 889.4 ΕΛΥ  |p 005500011585  |q 005500011585  |t EDX  |y 0 
901 |a BIBL5-2013-1 
920 |a Εύδοξος  |b Παραγγελία  |y Σύρος-ΤΜΣΠΣ  |z 2013-05 
970 |a Κοντού  |b Παρασκευή  |z 30/05/2013